Clasistas, Antiimperialistas y Revolucionarios : Trayectoria Política e Intelectual Del Socialismo Chileno Contemporáneo, 1932-1973.

Bibliographic Details
Main Author: Poy, Lucas.
Format: eBook
Language:Spanish
Published: Santiago : Ariadna Ediciones, 2021.
Edition:1st ed.
Subjects:
Online Access:Click to View
LEADER 01450nam a22003373i 4500
001 EBC7174928
003 MiAaPQ
005 20240729202204.0
006 m o d |
007 cr cnu||||||||
008 240729s2021 xx o ||||0 spa d
020 |a 9789566095194  |q (electronic bk.) 
035 |a (MiAaPQ)EBC7174928 
035 |a (Au-PeEL)EBL7174928 
035 |a (OCoLC)1262683187 
040 |a MiAaPQ  |b eng  |e rda  |e pn  |c MiAaPQ  |d MiAaPQ 
100 1 |a Poy, Lucas. 
245 1 0 |a Clasistas, Antiimperialistas y Revolucionarios :  |b Trayectoria Política e Intelectual Del Socialismo Chileno Contemporáneo, 1932-1973. 
250 |a 1st ed. 
264 1 |a Santiago :  |b Ariadna Ediciones,  |c 2021. 
264 4 |c {copy}2021. 
300 |a 1 online resource (372 pages) 
336 |a text  |b txt  |2 rdacontent 
337 |a computer  |b c  |2 rdamedia 
338 |a online resource  |b cr  |2 rdacarrier 
588 |a Description based on publisher supplied metadata and other sources. 
590 |a Electronic reproduction. Ann Arbor, Michigan : ProQuest Ebook Central, 2024. Available via World Wide Web. Access may be limited to ProQuest Ebook Central affiliated libraries.  
655 4 |a Electronic books. 
776 0 8 |i Print version:  |a Poy, Lucas  |t Clasistas, Antiimperialistas y Revolucionarios  |d Santiago : Ariadna Ediciones,c2021 
797 2 |a ProQuest (Firm) 
856 4 0 |u https://ebookcentral.proquest.com/lib/matrademy/detail.action?docID=7174928  |z Click to View